书目信息 |
| 题名: |
法律帮助一点通
|
|
| 作者: | 袁其国 总主编 ;庞建兵 执行主编 | |
| 分册: | 物业管理 | |
| 出版信息: | 北京 中国检察出版社 2009.01 |
|
| 页数: | 153页 | |
| 开本: | 21cm | |
| 丛书名: | ||
| 单 册: | ||
| 中图分类: | D920.4 | |
| 科图分类: | ||
| 主题词: | 物业管理--wu ye guan li--法律--基本知识--中国 , 法律--fa lu--基本知识--中国 | |
| 电子资源: | ||
| ISBN: | 978-7-80185-207-6 | |
| 000 | 01084nam0 2200289 450 | |
| 001 | 012010319627 | |
| 005 | 20100605092141.78 | |
| 010 | @a978-7-80185-207-6@dCNY15.00 | |
| 100 | @a20100604d2009 em y0chiy0120 ea | |
| 101 | 0 | @achi |
| 102 | @aCN@b110000 | |
| 105 | @ay z 000yy | |
| 106 | @ar | |
| 200 | 1 | @a法律帮助一点通@Afa lu bang zhu yi dian tong@i物业管理@f袁其国总主编@Fzong zhu bian yuan qi guo@g庞建兵执行主编@Gpang jian bing zhi xing zhu bian |
| 205 | @a第2版@b修订版 | |
| 210 | @a北京@c中国检察出版社@d2009.01 | |
| 215 | @a153页@d21cm | |
| 300 | @a“农村书屋”·“送书下乡工程”入选图书 | |
| 330 | @a本书以问答方式列举出物业管理中常出现的纠纷,涵盖物业综合知识,物业管理公司、业主及业主自治机构等方面,并提出解决办法及法律依据。 | |
| 517 | 1 | @a物业管理@Awu ye guan li |
| 606 | 0 | @a物业管理@Awu ye guan li@x法律@x基本知识@y中国 |
| 606 | 0 | @a法律@Afa lu@x基本知识@y中国 |
| 690 | @aD920.4@v4 | |
| 701 | 0 | @a袁其国@Ayuan qi guo@4总主编 |
| 702 | 0 | @a庞建兵@Apang jian bing@4执行主编 |
| 801 | 0 | @aCN@bQSSK@c20100605 |
| 905 | @b781390-92@dD920.4@eY901@f3 | |
| 法律帮助一点通.物业管理/袁其国总主编/庞建兵执行主编.-第2版,修订版.-北京:中国检察出版社,2009.01 |
| 153页;21cm |
| “农村书屋”·“送书下乡工程”入选图书 |
| ISBN 978-7-80185-207-6:CNY15.00 |
| 本书以问答方式列举出物业管理中常出现的纠纷,涵盖物业综合知识,物业管理公司、业主及业主自治机构等方面,并提出解决办法及法律依据。 |
| ● |
| 相关链接 |
|
|
|
正题名:法律帮助一点通
索取号:D920.4/Y901
 
预约/预借
| 序号 | 登录号 | 条形码 | 馆藏地/架位号 | 状态 | 备注 |
| 1 | 781390 | 207813909 | 社科库509/509社科库 83排7列3层/ [索取号:D920.4/Y901] | 在馆 | |
| 2 | 781391 | 207813918 | 社科库509/509社科库 83排7列3层/ [索取号:D920.4/Y901] | 在馆 | |
| 3 | 781392 | 207813927 | 社科库509/509社科库 83排7列3层/ [索取号:D920.4/Y901] | 在馆 |